000 00613nam a2200205 a 4500
005 20210219153240.0
008 991125n 000 0 spa u
035 _aUPN01000085680
100 1 _aAmeijeiras, Cristina
222 _aEDUCACION Y BIBLIOTECA :
_bREVISTA MENSUAL DE DOCUMENTACIÓN Y RECURSOS DIDÁCTICOS
245 _aEl libro infantil reune a 700 congresistas
300 _a22-24
362 0 _a1994 No. 52, dic.
653 0 _aLIBROS INFANTILES
653 0 _aLITERATURA INFANTIL
653 0 _aLITERATURA JUVENIL
700 0 _aMora, Luisa,
_ecoaut.
904 _aAC
_b023491
905 _aArticulo
999 _c72017
_d72017